| 000 | 00499nam a22001931a 4500 | ||
|---|---|---|---|
| 020 | _a9788126409303 | ||
| 082 |
_aM3 (FTr.) _bFYO/C |
||
| 100 | _aFyodor Dostoevsky | ||
| 245 |
_aChoothattakkaran/ _cby Fyodor Dostoevsky |
||
| 260 |
_aKottayam: _bD C Books, _c2004. |
||
| 300 | _a156p. | ||
| 650 | _aTranslation Novel English | ||
| 650 | _aNovel Malayalam | ||
| 650 | _aLiterature Malayalam | ||
| 650 | _aLiterature | ||
| 700 | _aVenu V Desom (tr.) | ||
| 700 | _aBaburaj T V (tr.) | ||
| 942 | _cBK | ||
| 999 |
_c7588 _d7588 |
||